000 00752nam a2200217Ii 4500
003 JO-AjNU
008 230605s9999||||xx |||||||||||||| ||und||
017 _a2004/2243
020 _a977-305-661-9
040 _aJO-AjNU
_bara
_erda
_cJO-AjNU
041 _aara
050 1 4 _aPJ7870.A42.S53 2004
100 3 _aوهبة،سعد الدين ؛ إعداد وتقديم الأمير أباظة,
_eauthor
_918190
245 0 0 _aمقالاتي في المسرح
264 3 1 _aالقاهرة: الهيئة العامة لقصور الثقافة، 2004
300 _a342ص
336 _atext
_btxt
_2rdacontent
337 _aunmediated
_bn
_2rdamedia
338 _avolume
_bnc
_2rdacarrier
650 4 _aالأدب العربي - مسرح - مقالات
_918191
999 _aA5770
_c9338
_d9338